00753 2200277 4500001002100000005001700021008004100038035002400079082001100103090001800114100002200132245008300154250001100237260003500248300003100283500003100314650001200345700002600357850001500383980001300398985000600411986001300417999001500430999001500445999001500460YOGYA-0209000001680020090227022704.0 ind  0010-020900000016800 a583.79 a583.79bPri P aPRIHMANTORO, Heru aPaprikabhidroponik dan non hidroponikcHeru Prihmantoro, Yovita Hety Indriani aCet. 1 aJakartabPenebar Swadayac1995 aviii, 118 hlmbilusc21 cm aBibliografi : hlm. 116-117 aPaprika aINDRIANI, Yovita Hety aYOPDYOG(B) a02-12-05 a3 afwhrtrev a98P0115556 a98P0115557 a98P0115558